000 00785cam a2200253 i 4500
001 2772849
008 800610s1980 nyub b 001 0 eng
010 _a 80036877
020 _a0312305095
040 _aDLC
_cCUZ
_dCUZ
_beng
_erda
050 0 0 _aJN2728
_bFRE
245 0 0 _aFrench politics and public policy /
_cedited by Phillip G. Cerny and Martin A. Schain.
264 _aNew York :
_bSt. Martin's Press,
_c[1980]
300 _axxii, 300 pages. :
_bmap ;
_c22 cm.
336 _atext
_btxt
337 _aunmediated
_bn
338 _2rdacarrier
651 0 _aFrance
651 0 _aFrance
942 _cOS
999 _c44720
_d44720